| 000 | 01783nam0a2200433 4500 | ||
|---|---|---|---|
| 001 | RU\NLR\bibl\318383 | ||
| 005 | 20250621142244.0 | ||
| 010 |
_a5-94023-039-3 _9500 |
||
| 021 |
_aRU _b2002-32124 _91589 |
||
| 035 | _a(NLR Aleph) 000313453 | ||
| 090 |
_a52104 _c52104 |
||
| 100 | _a20021008d2002 |||y0rusy50 ca | ||
| 101 | 0 | _arus | |
| 102 | _aRU | ||
| 105 | _aa ||||||||| | ||
| 200 | 1 |
_a"Ни часу отдыха, ни шагу без цели" (М.В. Кулагин) _e[Ист. очерк] _fН.В. Безрядин |
|
| 210 |
_aНовосибирск _cНовосиб. полиграфкомбинат _d2002 |
||
| 215 |
_a41, [2] с. _cил. _d20 |
||
| 225 | 1 | _aЛюди XX века | |
| 320 | _aБиблиогр.: с. 38 | ||
| 600 | 1 |
_aКулагин _bМ.В. _f1900 - 1956 _gМихаил Васильевич _92263694 _3RU\NLR\auth\661357109 |
|
| 600 | 1 |
_aКулагин _bМ. В. _f1900-1956 _gМихаил Васильевич _2psbo |
|
| 601 | 1 | 2 |
_aКПСС _xИстория _xБиографии _9920895 _3RU\NLR\auth\6618641 |
| 610 | 0 | _aКПСС - История - Биографии | |
| 610 | 0 | _aКПСС - Новосибирская организация областная - История | |
| 610 | 0 | _aНовосибирская область в Великой Отечественной войне 1941-1945 гг. | |
| 675 |
_a94(571.14)(092) _v3 _zrus |
||
| 675 |
_a929 Кулагин _v3 _zrus |
||
| 686 |
_a03.19 _2rugasnti |
||
| 686 |
_a63.3(2)6 _2rubbk |
||
| 686 | _aФ61(2)8 | ||
| 700 | 1 |
_aБезрядин _bН. В. _gНиколай Васильевич _4070 |
|
| 801 | 0 |
_aRU _bRKP _c20021008 _gPSBO |
|
| 801 | 1 |
_aRU _bRKP _c20021008 |
|
| 801 | 2 |
_aRU _bNLR _c20021111 _grcr |
|
| 942 | _cBOOK | ||
| 980 | _aNB | ||